CONCISE TB. OF PAEDIATRIC NURSING (Record no. 27295)
[ view plain ]
| 000 -LEADER | |
|---|---|
| fixed length control field | 00392nam a22001697a 4500 |
| 003 - CONTROL NUMBER IDENTIFIER | |
| control field | SGT |
| 020 ## - INTERNATIONAL STANDARD BOOK NUMBER | |
| International Standard Book Number | 9788131231043 |
| 082 ## - DEWEY DECIMAL CLASSIFICATION NUMBER | |
| Classification number | 610.7362 |
| Item number | C19B |
| 100 ## - MAIN ENTRY--PERSONAL NAME | |
| Personal name | BEEVI, ASSUMA |
| 245 ## - TITLE STATEMENT | |
| Title | CONCISE TB. OF PAEDIATRIC NURSING |
| 250 ## - EDITION STATEMENT | |
| Edition statement | 2ND |
| 260 ## - PUBLICATION, DISTRIBUTION, ETC. (IMPRINT) | |
| Place of publication, distribution, etc | INDIA |
| Name of publisher, distributor, etc | ELSEVIER PUB |
| Year of Publication | 2019 |
| 300 ## - PAGE DESCRIPTION | |
| No. of Pages | 497 |
| 650 ## - SUBJECT ADDED ENTRY--TOPICAL TERM | |
| Topical term or geographic name as entry element | PEDIATRIC NURSING |
| 653 ## - KEYWORDS--INDEX TERM | |
| Keyword term | PEDIATRIC NURSING |
| 942 ## - ADDED ENTRY ELEMENTS (KOHA) | |
| Source of classification or shelving scheme | Dewey Decimal Classification |
| Koha item type | Books |
| Withdrawn status | Lost status | Source of classification or shelving scheme | Damaged status | Not for loan | Collection code | Home library | Current library | Shelving location | Date acquired | Vendor Name | Cost, normal purchase price | SGTU | Bill Number | Full call number | Accession No. (Barcode) | Date last seen | Bill Date | Koha item type | Total Checkouts | Date last borrowed |
|---|---|---|---|---|---|---|---|---|---|---|---|---|---|---|---|---|---|---|---|---|
| Dewey Decimal Classification | Not For Loan | NURSING | SGT Medical Library | SGT Medical Library | Reference Book | 29/08/2024 | ABC DELHI | 1170.00 | SGTU | 19450 | 610.7362 C19B | FN5526 | 14/11/2024 | 29/08/2024 | Books | |||||
| Dewey Decimal Classification | NURSING | SGT Medical Library | SGT Medical Library | Text Book | 29/08/2024 | ABC DELHI | 1170.00 | SGTU | 19450 | 610.7362 C19B | FN5527 | 18/12/2025 | 29/08/2024 | Books | 4 | 03/09/2025 | ||||
| Dewey Decimal Classification | NURSING | SGT Medical Library | SGT Medical Library | Text Book | 29/08/2024 | ABC DELHI | 1170.00 | SGTU | 19450 | 610.7362 C19B | FN5528 | 20/08/2025 | 29/08/2024 | Books | 2 | 20/08/2025 |